| 000 | 00716nam a2200253Ia 4500 | ||
|---|---|---|---|
| 003 | OSt | ||
| 005 | 20221002052216.0 | ||
| 006 | a|||||r|||| 00| 0 | ||
| 007 | ta | ||
| 008 | 220930b |||||||| |||| 00| 0 eng d | ||
| 024 | _a41880 | ||
| 037 | _cReference Collections | ||
| 040 |
_aCRL _cCRL _beng |
||
| 041 |
_2eng _aeng |
||
| 082 | _aO111973w73,N, J7;K5(RR) | ||
| 100 | _aHart James D | ||
| 245 | 0 | _aOxford companion to American literature | |
| 250 | _a4th | ||
| 260 |
_aNew York _bOxford University Press _c1965 |
||
| 300 |
_aix, 991p _ccm. |
||
| 650 | _aENGLISH LITERATURE | ||
| 942 |
_hO111973w73,N, J7;K5(RR) _cref _2CC |
||
| 999 |
_c918930 _d918930 |
||